00341nam a2200133 a 4500008004100000050001600041100002000057245002700077246002300104260003100127300002100158350000900179700001900188120416s1971 ||||||||||||||||| || u aHF 5635 Kal aKaluza, Henry J10aElements of accounting aa systems approach aTorontobMcGraw-Hillc1971 axi, 564p. : ill. a0.00 aFurneaux, H. R